000 00454nam a2200169Ia 4500
008 240729s9999 xx 000 0 und d
022 _a2589-238X
245 0 _aBrain Hemorrhages
260 _aChina
260 _bKeAi Communications Co., Ltd.
650 _a Neurophysiology and neuropsychology
650 _a Physiology
650 _aScience
856 _uhttps://doaj.org/toc/304fe0f9cf7b4992a77953beb210687e
942 _2ddc
942 _cDOAJEJ
999 _c67635
_d67635
945 _a1
_bMadushi Gamage
_c1
_dMadushi Gamage